Premier League 2024/25 First XIs - Statistics

General Stats
  • This quiz has been taken 343 times
  • The average score is 122 of 220
Answer Stats
Team Pos Answer % Correct
Arsenal GK David Raya
98%
Wolves GK Jose Sa
96%
Arsenal DEF Gabriel
94%
Arsenal ATT Bukayo Saka
93%
Arsenal DEF William Saliba
93%
Arsenal MID Declan Rice
92%
Arsenal MID Martin Odegaard
92%
Aston Villa GK Emiliano Martinez
91%
Arsenal ATT Gabriel Martinelli
91%
Arsenal DEF Ben White
90%
Everton GK Jordan Pickford
89%
Manchester UTD DEF Lisandro Martinez
89%
Nottingham Forest MID Morgan Gibbs-White
89%
Aston Villa MID Amadou Onana
88%
Arsenal ATT Kai Havertz
88%
Liverpool GK Alisson
87%
Manchester UTD GK Andre Onana
87%
Newcastle ATT Alexander Isak
86%
Manchester City GK Ederson
86%
Manchester City ATT Erling Haaland
85%
Liverpool ATT Luis Diaz
85%
Spurs DEF Micky Van de Ven
85%
Aston Villa ATT Ollie Watkins
85%
Manchester City DEF Ruben Dias
85%
Liverpool DEF Virgil van Dijk
85%
Liverpool ATT Mohamed Salah
84%
Newcastle GK Nick Pope
84%
Liverpool DEF Andrew Robertson
83%
Manchester UTD ATT Bruno Fernandes
83%
Chelsea MID Cole Palmer
83%
Arsenal DEF Oleksandr Zinchenko
83%
Chelsea GK Robert Sanchez
83%
Arsenal MID Thomas Partey
83%
Liverpool DEF Trent Alexander-Arnold
83%
Spurs ATT Heung Min Son
81%
Chelsea ATT Nicolas Jackson
81%
Newcastle ATT Anthony Gordon
80%
Manchester City MID Kevin de Bruyne
80%
Newcastle MID Bruno Guimaraes
79%
Liverpool ATT Diogo Jota
79%
Nottingham Forest ATT Chris Wood
78%
Leicester ATT Jamie Vardy
78%
Liverpool MID Alexis Mac Allister
77%
Manchester City DEF Manuel Akanji
77%
Everton ATT Dominic Calvert-Lewin
76%
Newcastle DEF Fabian Schar
76%
Spurs GK Guglielmo Vicario
76%
Manchester UTD DEF Harry Maguire
76%
Manchester UTD ATT Marcus Rashford
76%
Newcastle MID Joelinton
75%
Fulham GK Bernd Leno
74%
Manchester UTD DEF Diogo Dalot
74%
Chelsea MID Enzo Fernandez
74%
Manchester City ATT Jeremy Doku
74%
Aston Villa DEF Matty Cash
74%
Southampton ATT Ben Brereton Diaz
73%
Spurs ATT Brennan Johnson
73%
Spurs MID James Maddison
73%
Chelsea DEF Marc Cucurella
73%
Manchester City MID Rico Lewis
73%
Manchester City MID Bernardo Silva
72%
Manchester UTD MID Casemiro
72%
Newcastle DEF Dan Burn
72%
Brentford MID Bryan Mbuemo
71%
Spurs DEF Christian Romero
71%
Spurs ATT Dominic Solanke
71%
Aston Villa DEF Ezri Konsa
71%
West Ham ATT Jarrad Bowen
71%
Aston Villa DEF Lucas Digne
71%
Spurs DEF Pedro Porro
71%
Manchester City DEF Josko Gvardiol
70%
Chelsea MID Moises Caicedo
70%
Liverpool MID Ryan Gravenberch
70%
Crystal Palace GK Dean Henderson
69%
Aston Villa ATT John McGinn
69%
West Ham GK Alphonso Areola
68%
Crystal Palace MID Eberechi Eze
68%
Chelsea DEF Malo Gusto
68%
Bournemouth GK Neto
68%
Aston Villa DEF Pau Torres
68%
Spurs DEF Destiny Udogie
67%
Brighton ATT Danny Welbeck
66%
Crystal Palace ATT Jean-Philippe Mateta
66%
Brighton MID Kaoru Mitoma
66%
Brighton DEF Lewis Dunk
66%
Brentford ATT Yoane Wissa
66%
Nottingham Forest ATT Anthony Elanga
65%
Aston Villa ATT Leon Bailey
65%
Liverpool DEF Jarell Quansah
64%
Brighton ATT Joao Pedro
64%
Manchester UTD MID Kobbie Mainoo
64%
Manchester City MID Mateo Kovacic
64%
Aston Villa ATT Morgan Rogers
64%
Spurs MID Pape Sarr
64%
Everton DEF James Tarkowski
63%
Ipswich ATT Liam Delap
63%
Aston Villa MID Youri Tielemans
63%
Chelsea DEF Levi Colwill
62%
West Ham ATT Michail Antonio
62%
Newcastle DEF Tino Livramento
62%
Fulham DEF Antonee Robinson
61%
Liverpool MID Dominic Szoboszlai
61%
Crystal Palace DEF Marc Guehi
61%
Brentford GK Mark Flekken
60%
Nottingham Forest ATT Callum Hudson-Odoi
59%
Bournemouth DEF Adam Smith
57%
Newcastle DEF Lewis Hall
57%
Newcastle MID Sean Longstaff
57%
Chelsea DEF Wesley Fofana
57%
Crystal Palace DEF Joachim Andersen
56%
Nottingham Forest GK Matz Sels
56%
Manchester UTD DEF Noussair Mazraoui
56%
Spurs MID Rodrigo Bentancur
56%
West Ham MID Thomas Soucek
56%
Everton DEF Vitalii Mykolenko
56%
Newcastle ATT Jacob Murphy
55%
West Ham MID Lucas Paqueta
55%
Fulham MID Andreas Pereira
54%
Bournemouth ATT Antoine Semenyo
54%
Fulham MID Emile Smith Rowe
54%
West Ham DEF Vladimir Coufal
53%
Fulham MID Adama Traore
52%
Everton DEF Ashley Young
52%
Wolves MID Joao Gomes
52%
West Ham ATT Mohammed Kudus
52%
Nottingham Forest DEF Murillo
52%
Nottingham Forest DEF Neco Williams
52%
Everton MID Abdoulaye Doucoure
51%
Brentford MID Christian Norgaard
51%
Everton DEF Michael Keane
51%
Nottingham Forest DEF Ola Aina
51%
Wolves DEF Toti Gomes
51%
Leicester DEF Wout Faes
51%
Chelsea MID Christopher Nkunku
50%
Wolves ATT Rodrigo Gomes
50%
Fulham MID Alex Iwobi
49%
Bournemouth DEF Milos Kerkez
49%
Crystal Palace DEF Tyrick Mitchell
49%
Everton MID Dwight McNeil
48%
Chelsea MID Romeo Lavia
48%
Manchester City ATT Savio
48%
Everton MID Idrissa Gueye
47%
Brighton GK Jason Steele
47%
Manchester UTD MID Mason Mount
47%
Fulham ATT Rodrigo Muniz
47%
West Ham DEF Max Kilman
46%
Leicester MID Wilfred Ndidi
46%
Southampton ATT Adam Armstrong
44%
Wolves DEF Rayan Ait Nouri
44%
Brighton DEF Joel Veltman
43%
Bournemouth MID Lewis Cook
43%
Brighton DEF Jan Paul van Hecke
42%
Fulham DEF Kenny Tete
42%
West Ham DEF Emerson
41%
Brentford DEF Ethan Pinnock
41%
Crystal Palace DEF Daniel Munoz
40%
Everton MID Jack Harrison
40%
Crystal Palace MID Adam Wharton
39%
Ipswich MID Omari Hutchinson
39%
Brentford MID Vitaly Janelt
39%
Bournemouth DEF Illia Zabarnyi
38%
Brighton MID James Milner
38%
Southampton MID Kyle Walker-Peters
38%
Leicester GK Mads Hermansen
38%
Crystal Palace MID Will Hughes
38%
Fulham DEF Calvin Bassey
37%
Leicester MID Harry Winks
37%
Leicester DEF James Justin
37%
Wolves ATT Jorgen Strand Larsen
37%
Manchester UTD ATT Amad
36%
Fulham DEF Issa Diop
36%
Brentford MID Mathias Jensen
35%
Brentford DEF Nathan Collins
35%
Southampton GK Alex McCarthy
33%
Southampton DEF Jan Bednarek
33%
West Ham DEF Konstantinos Mavropanos
33%
Brentford DEF Kristoffer Ajer
33%
Wolves MID Mario Lemina
33%
Brighton MID Yakuba Minteh
33%
West Ham MID Guido Rodriguez
32%
Ipswich DEF Leif Davis
32%
Crystal Palace MID Daichi Kamada
31%
Bournemouth DEF Dean Huijsen
31%
Leicester DEF Jannik Vestergaard
30%
Brentford MID Kevin Schade
30%
Ipswich MID Sam Morsy
30%
Nottingham Forest DEF Willy Boly
30%
Fulham MID Sasa Lukic
29%
Southampton DEF Taylor Harwood-Bellis
27%
Crystal Palace DEF Chris Richards
26%
Wolves DEF Matt Doherty
26%
Ipswich DEF Axel Tuanzebe
25%
Bournemouth MID Marcus Tavernier
25%
Leicester MID Facundo Buonanotte
23%
Ipswich DEF Jacob Greaves
23%
Leicester MID Abdul Fatawu
22%
Nottingham Forest MID Ibrahim Sangare
22%
Brighton DEF Jack Hinshelwood
22%
Brentford DEF Mads Roerslev
22%
Nottingham Forest MID Danilo
21%
Wolves ATT Hwang Hee Chan
21%
Leicester MID Bobby Reid
20%
Bournemouth MID Dango Ouattara
20%
Brighton MID Mats Wieffer
19%
Southampton DEF Jack Stephens
18%
Wolves MID Jean-Ricner Bellegarde
18%
Southampton MID Joe Aribo
18%
Leicester DEF Victor Kristiansen
18%
Southampton MID Yukinari Sugawara
18%
Bournemouth MID Alex Scott
17%
Ipswich MID Wes Burns
17%
Ipswich GK Christian Walton
15%
Ipswich MID Conor Chaplin
15%
Bournemouth MID Luis Sinisterra
15%
Southampton MID Will Smallbone
14%
Southampton MID Flynn Downes
13%
Ipswich DEF Luke Woolfenden
13%
Everton MID Tim Iroegbunam
13%
Wolves DEF Yerson Mosquera
13%
Ipswich MID Massimo Luongo
11%
No matching quizzes found
Score Distribution
Percent of People with Each Score
Percentile by Number Answered
Your Score History
You have not taken this quiz